Villarreal de Berriz (Record no. 182419)

MARC details
000 -LEADER
campo de control de longitud fija 00954nam a2200205 i 4500
001 - NÚMERO DE CONTROL
campo de control 182419
003 - IDENTIFICADOR DE NÚMERO DE CONTROL
campo de control ES-MaACL
005 - FECHA Y HORA DE LA ÚLTIMA TRANSACCIÓN
campo de control 20250728182217.0
008 - DATOS DE LONGITUD FIJA--INFORMACIÓN GENERAL
campo de control de longitud fija 130813s1992 sp |||| | spa d
100 1# - ENTRADA PRINCIPAL--NOMBRE DE PERSONA
Nombre de persona García-Diego, José A.
9 (RLIN) 54541
245 10 - MENCIÓN DEL TÍTULO
Título Villarreal de Berriz
Resto del título : desde una exposición a la conservación de monumentos de interés tecnológico /
Mención de responsabilidad, etc. José A. García-Diego ; comentarios por Manuel Díaz-Marta y Francisco Ruiz de Velasco ; contestación de José A. García-Diego.
260 ## - PUBLICACIÓN, DISTRIBUCIÓN, ETC.
Lugar de publicación, distribución, etc. [Madrid :
Nombre del editor, distribuidor, etc. Revista de Obras Públicas,
Fecha de publicación, distribución, etc. 1992]
300 ## - DESCRIPCIÓN FÍSICA
Extensión P. 33-38, 83-91 :
Otras características físicas il. ;
Dimensiones 27 cm.
595 ## -
-- Separata de: Revista de obras públicas, junio de 1991 (p. 33-38) y noviembre de 1992 (p. 83-91)
600 14 - PUNTO DE ACCESO ADICIONAL DE MATERIA--NOMBRE DE PERSONA
Nombre de persona Villarreal de Berriz, Pedro Bernardo,
Fechas asociadas al nombre 1670-1740
9 (RLIN) 115137
700 1# - ENTRADA AGREGADA--NOMBRE PERSONAL
Nombre de persona Díaz-Marta Pinilla, Manuel.
9 (RLIN) 44340
700 1# - ENTRADA AGREGADA--NOMBRE PERSONAL
Nombre de persona Ruiz de Velasco, Francisco.
9 (RLIN) 153231
852 ## - LOCALIZACIÓN
Ubicación ES-MaACL
Número de control de estantería 2324-F-2
Holdings
Estatus retirado Estado de pérdida Estado de daño No para préstamo Colección Biblioteca de origen Biblioteca actual Ubicación en estantería Fecha de adquisición Fuente de adquisición Total de préstamos Signatura topográfica completa Código de barras Visto por última vez Precio de reemplazo Tipo de ítem Koha
        Colección de folletos Biblioteca del Ateneo de Madrid Biblioteca del Ateneo de Madrid Depósito folletos 13/08/2013     2324-F-2 1191698 23/02/2023 23/02/2023 Folleto